Statistics for European Countries by Skyscrapers

Click here to take the quiz!

General Stats

  • This quiz has been taken 18 times
  • The average score is 12 of 46

Answer Stats

Answer% Correct
Iceland
73%
Russia
67%
United Kingdom
67%
Vatican City
67%
Sweden
53%
Germany
47%
Austria
40%
Liechtenstein
40%
Poland
40%
Spain
40%
Andorra
33%
Belgium
33%
Bosnia and Herzegovina
33%
Czechia
33%
France
33%
Switzerland
33%
Finland
27%
Ireland
27%
Italy
27%
Netherlands
27%
Norway
27%
Serbia
27%
Bulgaria
20%
Denmark
20%
Greece
20%
Monaco
20%
Portugal
20%
Romania
20%
San Marino
20%
Slovakia
20%
Turkey
20%
Ukraine
20%
Albania
13%
Belarus
13%
Croatia
13%
Estonia
13%
Hungary
13%
Latvia
13%
Lithuania
13%
Moldova
13%
North Macedonia
13%
Luxembourg
7%
Malta
7%
Kosovo
0%
Montenegro
0%
Slovenia
0%

Score Distribution

Percentile by Number Answered

Percent of People with Each Score

Your Score History

You have not taken this quiz